Revista de derecho privado y comunitario 2016 - 2 : derecho de familia II. Relaciones entre adultos /

Guardado en:
Formato: Libro
Idioma:Spanish
Publicado: Santa Fe : Rubinzal - Culzoni, 2016
Edición:1a. ed. rev.
Materias:
Etiquetas: Agregar Etiqueta
Sin Etiquetas, Sea el primero en etiquetar este registro!
LEADER 00733nam a22002055a 4500
001 DER.der013644
008 180615s2016####ag#||||||||||||||#||spa||
005 20230609125431.0
245 1 0 |a Revista de derecho privado y comunitario 2016 - 2 :  |b derecho de familia II. Relaciones entre adultos /  |c Alegría, Héctor. 
250 |a 1a. ed. rev. 
260 |a Santa Fe :  |b Rubinzal - Culzoni,  |c 2016 
300 |a 931 p. 
020 |a 9789873007248 
700 1 |a Alegría, Héctor,  |e dir. 
700 1 |a Mosset Iturraspe, Jorge,  |e dir. 
650 7 |a DAÑOS Y DEBERES MATRIMONIALES 
650 7 |a RESPONSABILIDAD CIVIL 
650 7 |a PROTECCION DE LA EMPRESA FAMILIAR 
650 7 |a RENUNCIA Y COMPENSACION ECONOMICA 
859 |a DERECHO  |b BIB. DERECHO  |i REV  |p 008686